| 000 | 00000nam##2200000za#4500 |
| 001 | 9.698057 |
| 003 | CaOODSP |
| 005 | 20220901140052 |
| 007 | cr ||||||||||| |
| 008 | 150407|2001||||xxc|||||o f|0| 0 eng|d |
| 040 | |aCaOODSP|beng |
| 043 | |an-cn--- |
| 086 | 1 |aJ2-179/1-2001-1E-PDF |
| 110 | 1 |aCanada.|bJustice Canada. |
| 245 | 10|aCustody, access and child support in Canada : |h[electronic resource]|breport on federal-provincial-territorial consultations - executive summary / |cprepared by IER Planning, Research and Management Services. |
| 260 | |aOttawa - Ontario : |bJustice Canada |c[2001]. |
| 300 | |a9p. |
| 590 | |a13-15-Supp|b2013-06-24 |
| 690 | 07|aChild custody|2gcpds |
| 690 | 07|aChild support|2gcpds |
| 775 | 08|tDroits de garde et de visite et pensions alimentaires pour enfants au Canada : |w(CaOODSP)9.642053 |
| 776 | 0#|tCustody, access and child support in Canada : |w(CaOODSP)9.663441 |
| 776 | 0#|tDroits de garde et de visite et pensions alimentaires pour enfants au Canada : |w(CaOODSP)9.663442 |
| 856 | 40|ahttp://publications.gc.ca|qPDF|s238 KB|uhttps://publications.gc.ca/collections/Collection/J2-179-1-2001-1E.pdf |